000 02231cam a2200433 4500
008 031216n2004 000 0 eng u
020 _a011753935X
035 _a(Sirsi) u124858
041 _aeng
050 _a306.1
_c18
110 _aUnited Kingdom
_bOffice of the Deputy Prime Minister
245 _aHousing statistics 2004
260 _aLondon
_bStationery Office
_c2004
300 _avi, 166p.
_c30cm.
350 _a30
505 _aSection one: dwelling stock (including vacants, conversions and demolitions)
505 _aSection two: housebuilding
505 _aSection three: housing renewal (including disabled facilities grants)
505 _aSection four: households and population estimates and projections
505 _aSection five: housing market - house prices, land prices, mortgages and transactions
505 _aSection six: rents, lettings and tenancies - costs, housing benefits, tenancy types and rent officers decisions
505 _aSection seven: statutory homelessness
505 _aSection eight: household characteristics - tenure trend, income and economic status, length of residence, household composition and occupation density
505 _aSection nine: housing finance and household expenditure
505 _aSection ten: social housing sales (including right to buy and transfers)
520 _aThis annual compendium of housing statistics covers all aspects of housing in England, and where consistent data is available, tables also cover the UK. The full publication and live tables/charts are available at www.odpm.gov.uk. Superseded by "Housing statistics 2005" ISBN 0117539597.
650 _aNEW DWELLINGS
650 _aHOUSE BUILDING
650 _aRESIDENTIAL LETTINGS
650 _aHOMELESSNESS
650 _aHOUSING STATISTICS
650 _aDWELLINGS
650 _aHOUSEHOLDS
650 _aMORTGAGES
650 _aOWNER-OCCUPIED HOUSING
690 _aPROPERTY-RESIDENTIAL PROPERTY-RESIDENTIAL PROPERTY MARKET
856 _uhttps://webarchive.nationalarchives.gov.uk/20120919132719/http://www.communities.gov.uk/archived/publications/housing/housingstatistics
_zView "Housing statistics 2004" on the National archives website
942 _n0
999 _c103297
_d103297